'F' Superheroes and Supervillains Quiz Stats

 Plays Quiz not verified by Sporcle

Challenge
Share
Tweet
Score 0/10 Timer 10:00
0 Plays Today
% Correct
The Flash (Barry Allen)
95.3%
Fantastic Four
94.1%
Falcon
92.9%
The Flash (Jay Garrick)
90.6%
Firestar
76.5%
Firestorm
76.5%
Fin Fang Foom
75.3%
Frog Thor
75.3%
Firefly
67.1%
Franklin Richards
64.7%

You're not logged in!

Compare scores with friends on all Sporcle quizzes.
OR
Log In

You Might Also Like...

Show Comments

Extras

Top Quizzes Today


Score Distribution

Your Account Isn't Verified!

In order to create a playlist on Sporcle, you need to verify the email address you used during registration. Go to your Sporcle Settings to finish the process.

Report this User

Report this user for behavior that violates our Community Guidelines.

Details: